| 000 | 01581nam0a2200361 4500 | ||
|---|---|---|---|
| 001 | RU\NLR\BIBL_A\011371332 | ||
| 005 | 20260405180833.0 | ||
| 010 |
_a9785444806241 _91000 |
||
| 021 |
_aRU _b17-21181 |
||
| 035 | _a(RuMoRGB)008835956 | ||
| 035 | _a(NLR Aleph) 011371332 | ||
| 090 |
_a11352982 _c11352982 |
||
| 100 | _a20170419d2017 u y0rusy50 ca | ||
| 101 | 0 | _arus | |
| 102 | _aRU | ||
| 105 | _aa z yz | ||
| 200 | 1 |
_aГрадостроительная политика в СССР, 1917-1929 _eот города-сада к ведомственному рабочему поселку _fМарк Григорьевич Меерович |
|
| 210 |
_aМосква _cНовое литературное обозрение _d2017 |
||
| 215 |
_a346, [1] с. _cил., табл. _d22 |
||
| 225 | 1 |
_aStudia urbanica _fред.: О. Паченков |
|
| 320 | _aБиблиогр. в подстроч. примеч. | ||
| 517 | 1 | _aОт города-сада к ведомственному рабочему поселку | |
| 606 | 1 |
_aЖилищная политика _yСССР _92398687 _3RU\NLR\AUTH\661429984 |
|
| 606 |
_aГорода _xПланировка и строительство _yСССР _z1917 - 1929 _92326526 _3RU\NLR\AUTH\6601615993 |
||
| 686 |
_aН82-00(2)71,0 _2rubbk |
||
| 686 |
_aН0(2)71-482,0 _2rubbk |
||
| 686 | 1 | _aУ9(2)-946 | |
| 686 | 1 | _aЩ113(2)7-48 | |
| 700 | 1 |
_8rus _7ca _aМеерович _bМ. Г. _f1956- _gМарк Григорьевич _3RU\NLR\AUTH\7777740 _960668 |
|
| 942 | _cBOOK | ||
| 980 | _aNBR | ||